000 00327nam a2200145Ia 4500
008 191201s2004 xx 000 0 und d
082 _a003
_bBRS
100 _aBRENSON, Richard
245 0 _aOperations Research
250 _a2nd
260 _aN.Delhi
_bTMH
_c2004
300 _a456
650 _aB.Tech(CSE)
942 _2ddc
_cBK
999 _c2035
_d2035